Detalles MARC
| 000 -LÍDER |
| Campo fijo de descripción fija |
01930nam a2200445 i 4500 |
| 001 - NÚMERO DE CONTROL |
| Campo de control |
a6130782 |
| 003 - IDENTIFICADOR DEL NÚMERO DE CONTROL |
| Campo de control |
SpMaBN |
| 005 - FECHA Y HORA DE LA ULTIMA TRANSACCIÓN |
| control field |
20190202100423.0 |
| 008 - ELEMENTOS DE LONGITUD FIJA -- INFORMACIÓN GENERAL |
| Campo fijo de descripción fija -- Información general |
180314s2017 sp | |||| 001 0 spa |
| 017 ## - COPYRIGHT OR LEGAL DEPOSIT NUMBER |
| Copyright or legal deposit number |
CO 2415-2017 |
| Assigning agency |
Oficina Depósito Legal Córdoba |
| 020 ## - NÚMERO INTERNACIONAL NORMALIZADO PARA LIBROS |
| Número Internacional Normalizado del libro |
9788494733901 |
| 040 ## - FUENTE DE CATALOGACIÓN |
| Agencia de catalogación original |
SpMaBN |
| Idioma de catalogación |
spa |
| Convenciones de la descripción |
rdc |
| Agencia que realiza la transcripción |
CO-MdFUSB |
| Agencia que realiza la modificación |
CO-MdFUSBC |
| 041 1# - CÓDIGO DE IDIOMA |
| Código de idioma para texto/pista de sonido o título separado |
spa |
| Código de idioma original |
spa |
| 080 ## - UNIVERSAL DECIMAL CLASSIFICATION NUMBER |
| Universal Decimal Classification number |
245 |
| 082 ## - NÚMERO DE CLASIFICACIÓN DECIMAL DEWEY |
| Número de la edición del Dewey |
22 |
| Número de clasificación |
270.2 |
| Clave de autor-Numero de item |
EF27 |
| 100 0# - ASIENTO PRINCIPAL--NOMBRE PERSONAL |
| Nombre personal |
Efrén, |
| Títulos u otras palabras asociadas al nombre |
Santo. |
| Fechas asociadas con el nombre |
373- |
| Término relacionador |
autor. |
| 245 10 - TÍTULO |
| Título del Material |
Himnos sobre el paraíso |
| Mención de responsabilidad, etc. |
/ San Efrén de Nisibe ; traducción, introducción y notas, Francisco Javier Martínez Fernández |
| 264 #1 - PRODUCCIÓN, PUBLICACIÓN, DISTRIBUCIÓN, MANUFACTURA, Y COPYRIGHT |
| Lugar de producción, publicación, distribución, manufactura |
Granada |
| Nombre del productor, publicador, distribuidor |
Nuevo Inicio |
| Fecha de producción, publicación, distribución, manufactura, o copyright |
[2017] |
| 264 #4 - PRODUCCIÓN, PUBLICACIÓN, DISTRIBUCIÓN, MANUFACTURA, Y COPYRIGHT |
| Fecha de producción, publicación, distribución, manufactura, o copyright |
©2017 |
| 300 ## - DESCRIPCIÓN FÍSICA |
| Extensión |
247 páginas. |
| Dimensiones |
19 cm |
| 336 ## - TIPO DE CONTENIDO |
| Término de tipo de contenido |
texto |
| Fuente |
rdacontent |
| Código de tipo de contenido |
txt |
| 337 ## - TIPO DE MEDIO |
| Nombre del tipo de medio |
sin mediación |
| Fuente |
rdamedia |
| Código del tipo de medio |
n |
| 338 ## - TIPO DE SOPORTE |
| Fuente |
rdacarrier |
| Nombre del tipo de soporte |
volumen |
| Código Tipo de soporte |
nc |
| 490 0# - MENCIÓN DE SERIE |
| Mención de serie |
Colección Maestros cristianos de Oriente |
| 500 ## - NOTA GENERAL |
| Nota General |
"Publicaciones del Centro Internacional para el Estudio del Oriente Cristiano" |
| 504 ## - NOTA DE BIBLIOGRAFÍA, ETC. |
| Nota de bibliografía, etc |
Incluye referencias bibliográficas e índice |
| 505 ## - NOTA DE CONTENIDO |
| Nota de contenido con formato preestablecido |
Libro I - Libro XV. |
| 520 ## - NOTA DE RESUMEN, ETC. |
| Nota de sumario, etc. |
Los himnos de San Efrén están escritos en siríaco. Curiosamente esos himnos reciben el nombre de madrâšā, un término claramente emparentado con la denominación rabínica midraš. No todos los himnos puede decirse que sean comentarios directos a la Escritura, aunque sí que son poemas de alabanza de acción de gracias, al tiempo que poemas didácticos, basados en la Escritura. |
| 563 ## - NOTA DE ENCUADERNACIÓN |
| Nota de encuadernación |
Rústico |
| 650 #7 - ASIENTO SECUNDARIO DE MATERIA - TERMINO TEMÁTICO |
| Término temático o nombre geográfico como elemento de entrada |
Canciones religiosas |
| 650 #7 - ASIENTO SECUNDARIO DE MATERIA - TERMINO TEMÁTICO |
| Término temático o nombre geográfico como elemento de entrada |
Iglesia |
| Subdivisión general |
Historia |
| Subdivisión cronológica |
(Iglesia primitiva), ca. 0030-0600 |
| Fuente del encabezamiento o término |
|
| 9 (RLIN) |
659 |
| 650 #7 - ASIENTO SECUNDARIO DE MATERIA - TERMINO TEMÁTICO |
| Término temático o nombre geográfico como elemento de entrada |
Padres de la Iglesia |
| 9 (RLIN) |
59 |
| 650 #7 - ASIENTO SECUNDARIO DE MATERIA - TERMINO TEMÁTICO |
| Término temático o nombre geográfico como elemento de entrada |
Poética |
| 9 (RLIN) |
407 |
| Subdivisión de forma |
Himnos |
| Subdivisión general |
Vida religiosa |
| 650 #7 - ASIENTO SECUNDARIO DE MATERIA - TERMINO TEMÁTICO |
| Término temático o nombre geográfico como elemento de entrada |
Liturgia |
| 9 (RLIN) |
206 |
| Subdivisión de forma |
Himnos |
| 700 1# - ASIENTO SECUNDARIO - NOMBRE PERSONAL |
| Nombre personal |
Martínez Fernández, Francisco Javier |
| Responsabilidad |
editor literario |
| -- |
traductor |
| 942 ## - TIPO DE MATERIAL (KOHA) |
| Tipo de Item KOHA |
Libros de Referencia |
| 956 ## - LOCAL ELECTRONIC LOCATION AND ACCESS (OCLC) |
| Host name |
2 |